Claude Monet: 1840-1926. La percepción de la cara siempre cambiante de la realidad

Salvato in:
Dettagli Bibliografici
Autore principale: Heinrich, Christoph (Autore)
Natura: Libro
Lingua:spagnolo
Pubblicazione: Colonia Taschen 2011
Soggetti:
Tags: Aggiungi Tag
Nessun Tag, puoi essere il primo ad aggiungerne!!

MARC

LEADER 00000cam a2200000 a 4500
001 UCF6598
003 CL-VaPUC
008 130509e20110000GW |||||||||||||||||spa|d
020 |a 9783836531368 
082 0 4 |a 759.4  |b HEI  |2 21 
100 |a Heinrich, Christoph  |e author  |9 568583 
245 1 0 |a Claude Monet: 1840-1926. La percepción de la cara siempre cambiante de la realidad 
300 |a 96 p 
942 |c BK 
945 |d 20130509 00:00:00  |a dcastane 
260 |a Colonia  |b Taschen  |c 2011 
650 0 |a Pintura francesa  |9 266122 
650 0 |a Pintores franceses   |9 340354 
650 7 |a IMPRESIONISMO  |2 CL-VaPUC  |9 324638 
583 |a last modification  |c 20130509 12:56:00  |k Rodrigo Vera 
999 |c 351740  |d 351738 
952 |0 0  |1 0  |4 0  |6 759_400000000000000_HEI_2011  |7 0  |8 A  |9 456055  |a BIBARQ  |b BIBARQ  |d 2019-11-22  |i 4968948  |l 3  |m 1  |o 759.4 HEI 2011  |p 4968948  |r 2025-04-30  |s 2025-04-22  |w 2019-11-22  |y BK  |k ARQ